000 00689nam a2200289Ia 4500
005 20260324135559.0
008 008 260324s9999 xx 000 0 eng d
020 _a9781351208154
037 _aEBOOK
040 _aCRL
040 _beng
040 _cCRL
041 _2eng
041 _aeng
084 _qCRL
100 _aAlan Campbell
_91201125
245 4 _aThe Scottish Miners, 1874–1939
245 0 _bVolume 1: Industry, Work and Community
260 _bTaylor and Francis
260 _c2000
365 _a
365 _b420
856 _uhttp://www.taylorfrancis.com/books/9781351208154
942 _cEBOOK
999 _c1802357
_d1802357